000
00322nam a22001457a 4500
003
SGT
020
_a
978-0-323-39321-8
082
_a
611
_b
A19N
100
_a
NATTER, FRANK
245
_a
ATLAS OF HUMAN ANATOMY
260
_a
PHILADELPHIA
_b
ELSEVIER
_c
2019
300
_a
535
650
_a
ANATOMY
942
_2
ddc
_c
BK
_0
75
999
_c
15520
_d
15520